| 000 | 00366nam a2200133Ia 4500 | ||
|---|---|---|---|
| 008 | 150201s2014 xx 000 0 und d | ||
| 082 |
_a617.6 _bP2000R |
||
| 100 | _aREOFENAEHT ,CLAUDE.R. | ||
| 245 | _aPRINCIPLES OF ESTHETIC INTEGRATION | ||
| 250 | _a1ST | ||
| 260 | _bQUINTESSENCE PUBLICATION | ||
| 650 | _aCONSERVATIVE DENTISTRY & ENDODONTICS | ||
| 942 |
_2ddc _cBK _03 |
||
| 999 |
_c4893 _d4893 |
||